| 000 | 00860nam a22002535a 4500 | ||
|---|---|---|---|
| 003 | OSt | ||
| 005 | 20170424112848.0 | ||
| 008 | 170424s2014 ua grb 000 0 ara d | ||
| 015 | _a2014 / 13001 | ||
| 020 | _a9789775255136 | ||
| 040 |
_aEG-ScBUE _bara _cEG-ScBUE |
||
| 082 | 0 | 4 |
_a297.272 _bح س ي _222 |
| 100 | 1 | _aحسين، فاطمة محمد. | |
| 245 | 1 | 2 |
_aالإسلام وحقوق الإنسان / _cتأليف فاطمة محمد حسين. |
| 250 | _aط. 1. | ||
| 260 |
_aالقاهرة : _bسنابل للكتاب، _c2014. |
||
| 300 |
_a366 ص. ؛ _c24 سم. |
||
| 504 | _aيشتمل على إرجاعات ببليوجرافية. | ||
| 541 | _aإهداء من أ. محمد فريد خميس. | ||
| 650 | 7 |
_aالإسلام وحقوق الإنسان. _2BUEsh |
|
| 651 | _2BUEsh | ||
| 653 |
_bBUSBOL _bLLAAWW _bGGEN _cApril2017 |
||
| 942 | _2ddc | ||
| 999 |
_c24698 _d24670 |
||